| 000 | 01334nam a2200241Ia 4500 | ||
|---|---|---|---|
| 003 | Ost | ||
| 005 | 20260507075635.0 | ||
| 008 | 260507s9999||||xx |||||||||||||| ||und|| | ||
| 020 | _a5312232977 | ||
| 040 | _cfsecg | ||
| 041 | _aara | ||
| 082 | _a364.133 | ||
| 100 |
_aالسيسي، صلاح الدين حسن _eمؤلف |
||
| 245 | 0 |
_aالقطاع المصرفي والإقتصاد الوطني : _bالقطاع المصرفي وغسيل الأموال / _c صلاح الدين حسن السيسي |
|
| 260 |
_aالقاهرة: _bعالم الكتب, _c2003 |
||
| 300 |
_a208 صفحة؛ _bإيضاحات ؛ _c24 سم |
||
| 490 | _aدراسات نظرية وتطبيقية | ||
| 520 | _aالقطاع المصرفي والإقتصاد الوطني- الحسابات الجارية المدينة- الإئتمان المصرفي- التسهيلات الإئتمانية والقروض بضمان الأوراق التجارية- خطابات ضمان المصرفي- التوجه العالمي نحو المصارف الشاملة- منظمة التجارة العالمية وآثارها في المجالين الإقتصادي والمصرفي- القطاع المصرفي وغسيل الأموال | ||
| 653 | _aالإقتصاد | ||
| 653 | _aالمصارف | ||
| 653 | _aجرائم الأموال | ||
| 942 | _cكتاب | ||
| 999 |
_c45277 _d45277 |
||